Religion General Knowledge #4 - Statistics

General Stats
  • This quiz has been taken 46,054 times
  • The average score is 14 of 21
Answer Stats
Question Answer % Correct
What type of bird returned to Noah's ark with an olive branch? Dove
94%
What was the profession of Joseph, Jesus's earthly father? Carpenter
88%
What country once worshipped gods named Isis, Horus, and Osiris? Egypt
88%
What word, starting with K, refers to foods that Jewish people are allowed to eat? Kosher
86%
What is another name for the devil, starting with the letter L? Lucifer
85%
Who gained enlightenment sitting under a Bodhi tree? Buddha
84%
Who is the current pope? Leo
79%
According to the Bible, Jesus was born in Bethlehem. In what city was he raised? Nazareth
77%
What former country was ruled by the Dalai Lama? Tibet
74%
In what Caribbean country is Vodou commonly practiced? Haiti
72%
What king is the second most-mentioned person in the Bible after only Jesus? King David
72%
What is the name for a system of law based on Islamic principles? Sharia
71%
What river was Jesus baptized in? (Hint: It is on the eastern border of modern-day Israel) River Jordan
65%
What is the most common Protestant denomination in Scandinavia and Germany? Lutheranism
57%
What language were the Hindu Vedas written in? Sanskrit
51%
What empire assembled a rack of 60,000 skulls from victims of human sacrifice? Aztecs
50%
At what religious gathering were over 700 people killed in 2015 due to a stampede? Hajj
48%
In Jewish folklore, what is the name for a monster made of clay? Golem
44%
What is the name for a Sufi practioner who spins as a form of devotion? Whirling {Dervish}
38%
What is the name of the Vietnamese New Year? (Hint: three letters) Tet
37%
What nickname refers to followers of Sun Myung Moon? Moonies
33%
No matching quizzes found
Score Distribution
Percent of People with Each Score
Percentile by Number Answered
Your Score History
You have not taken this quiz